The great contraction, 1929-1933 /

Bibliographic Details
Main Author: Friedman, Milton, 1912-2006
Corporate Author: National Bureau of Economic Research
Other Authors: Schwartz, Anna J. (Anna Jacobson), 1915-2012
Format: Book
Language:English
Published: Princeton, N.J. : Princeton University Press, 1965.
Edition:[1st ed.].
Subjects:

MARC

Tag First Indicator Second Indicator Subfields
LEADER 00000cam a2200000 4500
001 in00000061110
005 20151008051625.0
008 720223s1965 njua b 00010 eng u
010 |a  64008977  
035 |a (OCoLC)00248579 
035 |9 AAG9034AM 
040 |c WSU  |d TXA  |d UtOrBLW 
049 |a TXAM  |c [408672] 
050 0 |a HG538  |b .F858 
092 |a 332.4973  |b F911g 
100 1 |a Friedman, Milton,  |d 1912-2006. 
245 1 4 |a The great contraction, 1929-1933 /  |c [by] Milton Friedman [and] Anna Jacobson Schwartz. 
250 |a [1st ed.]. 
264 1 |a Princeton, N.J. :  |b Princeton University Press,  |c 1965. 
300 |a 150 pages 
336 |a text  |b txt  |2 rdacontent 
337 |a unmediated  |b n  |2 rdamedia 
338 |a volume  |b nc  |2 rdacarrier 
504 |a Bibliographical footnotes. 
650 0 |a Money  |z United States  |x History. 
650 0 |a Currency question  |z United States  |x History. 
650 0 |a Monetary policy  |z United States  |x History. 
700 1 |a Schwartz, Anna J.  |q (Anna Jacobson),  |d 1915-2012. 
710 2 |a National Bureau of Economic Research. 
999 |a MARS 
999 f f |s 5a1ba057-0593-37e1-8752-d0e1657133ab  |i f80c43c9-af94-33b3-a762-da945f3977ba  |t 0 
952 f f |p ric  |a Texas A&M University  |b Rellis Campus  |c Joint Library Facility  |d Remote Storage  |t 0  |e HG538 .F858  |h Library of Congress classification  |i unmediated -- volume  |m A14800735018 
998 f f |a HG538 .F858  |t 0  |l Remote Storage